[Event "Agen_2017-Accession"]
[Site "Agen"]
[Date "2017.08.19"]
[Round "2.18"]
[White "Devallee, Jeremie"]
[Black "Guignier, Nicolas"]
[Result "1/2-1/2"]
[WhiteElo "2258"]
[BlackElo "2212"]
[PlyCount "52"]
[EventDate "2017.08.??"]
[EventType "swiss"]
[EventRounds "9"]
[EventCountry "FRA"]
[WhiteTeam "Chartres Metropole Echecs"]
[BlackTeam "Avinkha Club d'Echecs"]

1. e4 e6 2. Nf3 d5 3. e5 c5 4. b4 cxb4 5. d4 Nc6 6. a3 Bd7 7. axb4 Bxb4+ 8. c3
Ba5 9. Bd3 Nge7 10. O-O h6 11. h4 a6 12. h5 b5 13. Nh4 b4 14. Qg4 bxc3 15. Qxg7
Rg8 16. Qh7 Nxd4 17. Ng6 fxg6 18. Ba3 Bb5 19. Bxe7 Qxe7 20. Qxg8+ Kd7 21. Qxa8
Nf3+ 22. gxf3 Qg5+ 23. Kh1 Qxh5+ 24. Kg2 Qg5+ 25. Kh1 Qh4+ 26. Kg2 Qg5+ 1/2-1/2

[Event "Agen_2017-Accession"]
[Site "Agen"]
[Date "2017.08.19"]
[Round "2.19"]
[White "Dudognon, Thibault"]
[Black "Lamard, Guillaume"]
[Result "1/2-1/2"]
[WhiteElo "2230"]
[BlackElo "2347"]
[PlyCount "59"]
[EventDate "2017.08.??"]
[EventType "swiss"]
[EventRounds "9"]
[EventCountry "FRA"]
[WhiteTeam "CE Vitrolles"]
[BlackTeam "Cannes Echecs"]

1. c4 Nf6 2. g3 e6 3. Bg2 d5 4. Nf3 Be7 5. O-O O-O 6. d4 dxc4 7. Qc2 a6 8. a4
Bd7 9. Ne5 Bc6 10. Nxc6 Nxc6 11. e3 Na5 12. Nd2 c5 13. dxc5 Rc8 14. b4 cxb3 15.
Nxb3 Nxb3 16. Qxb3 Nd7 17. Ba3 Nxc5 18. Bxc5 Bxc5 19. Qxb7 a5 20. Rfd1 Qc7 21.
Rd7 Qxb7 22. Bxb7 Rcd8 23. Rad1 Bb6 24. Kf1 Rxd7 25. Rxd7 Rd8 26. Rxd8+ Bxd8
27. Ke2 Be7 28. Bc6 Bd8 29. Bb7 Be7 30. Bc6 1/2-1/2

[Event "Agen_2017-Accession"]
[Site "Agen"]
[Date "2017.08.19"]
[Round "2.20"]
[White "Valuet, Bertrand"]
[Black "Viel, Simon"]
[Result "1/2-1/2"]
[WhiteElo "2310"]
[BlackElo "2220"]
[PlyCount "120"]
[EventDate "2017.08.??"]
[EventType "swiss"]
[EventRounds "9"]
[EventCountry "FRA"]
[WhiteTeam "La tour de Juvisy"]
[BlackTeam "Echecs Plus de Cherbourg-Octeville"]

1. Nf3 Nf6 2. c4 e6 3. Nc3 Bb4 4. Qc2 c5 5. a3 Ba5 6. d4 d6 7. Bg5 h6 8. Bxf6
Qxf6 9. O-O-O Bxc3 10. Qxc3 Nc6 11. g3 O-O 12. Bg2 Rb8 13. dxc5 Qxc3+ 14. bxc3
dxc5 15. Rd6 Na5 16. Rhd1 b6 17. Ne5 Bb7 18. Bh3 Rfe8 19. Rd7 f6 20. Ng6 Nxc4
21. Ne7+ Kf8 22. Ng6+ Kg8 23. Rc7 Bd5 24. e4 Rb7 25. exd5 Rxc7 26. Bxe6+ Kh7
27. Nf4 Nd6 28. h4 g5 29. hxg5 fxg5 30. Nh5 Kg6 31. Rh1 Nf5 32. f4 Ng7 33. Nxg7
Kxg7 34. f5 Rh8 35. Kd2 h5 36. Ke3 Kf6 37. Ke4 c4 38. d6 Rc6 39. d7 Rd6 40. Kf3
Rxe6 41. fxe6 Kxe6 42. Rxh5 Rd8 43. Rh7 Rxd7 44. Rxd7 Kxd7 45. Kg4 Ke6 46. Kxg5
Ke5 47. Kg4 Ke4 48. Kh5 b5 49. g4 a5 50. g5 b4 51. axb4 axb4 52. cxb4 c3 53. g6
c2 54. g7 c1=Q 55. g8=Q Qh1+ 56. Kg6 Qg1+ 57. Kf7 Qxg8+ 58. Kxg8 Kd5 59. b5 Kc5
60. b6 Kxb6 1/2-1/2

[Event "Agen_2017-Accession"]
[Site "Agen"]
[Date "2017.08.19"]
[Round "2.21"]
[White "Giacomini, Hector"]
[Black "Lamoureux, Charles"]
[Result "0-1"]
[WhiteElo "2226"]
[BlackElo "2306"]
[PlyCount "146"]
[EventDate "2017.08.??"]
[EventType "swiss"]
[EventRounds "9"]
[EventCountry "FRA"]
[WhiteTeam "Echiquier Tourangeau"]
[BlackTeam "Club d'Echecs d'Annemasse"]

1. Nf3 Nf6 2. e3 g6 3. d4 Bg7 4. c4 O-O 5. Nc3 d6 6. Be2 c6 7. O-O a6 8. b3
Nbd7 9. Qc2 Re8 10. Bb2 b5 11. Rfd1 Qb6 12. Rac1 Bb7 13. e4 Rad8 14. h3 e5 15.
d5 cxd5 16. Nxd5 Bxd5 17. exd5 b4 18. Bf1 Nc5 19. Re1 a5 20. Rcd1 Bh6 21. Bc1
Bxc1 22. Rxc1 a4 23. Nd2 Ra8 24. Rb1 axb3 25. axb3 Ra3 26. g3 Rea8 27. Kg2 Ra2
28. Rb2 Rxb2 29. Qxb2 Qa7 30. Rb1 Qa2 31. Be2 Ra3 32. f3 e4 33. Kf2 exf3 34.
Kxf3 Nfd7 35. Ke3 Ne5 36. Qxa2 Rxa2 37. Bd1 f5 38. h4 Kg7 39. Be2 Kf6 40. Bd1
h6 41. Be2 Rc2 42. Bd1 Ra2 43. Be2 g5 44. hxg5+ hxg5 45. Rf1 Kg6 46. Bd1 Rb2
47. Rf2 Ned3 48. Rh2 Ne5 49. Rf2 Ncd3 50. Rh2 Ra2 51. Bh5+ Kg7 52. Bd1 Ra1 53.
Ke2 Nc1+ 54. Kf2 Ncd3+ 55. Ke2 Rc1 56. Rh1 Nc5 57. Rh5 Kg6 58. Rh8 Rc3 59. Rg8+
Kf6 60. Rf8+ Nf7 61. Rb8 Rxg3 62. Bc2 Rc3 63. Bd1 Nd3 64. Rb7 g4 65. Nf1 f4 66.
Kd2 Nfe5 67. Rb6 Ke7 68. Rb7+ Kd8 69. Rg7 Nf2 70. Rg8+ Kc7 71. Rg7+ Kb6 72. Ke1
g3 73. Kd2 Rd3+ 0-1

[Event "Agen_2017-Accession"]
[Site "Agen"]
[Date "2017.08.19"]
[Round "2.22"]
[White "Trouve, Guillaume"]
[Black "Pigeat, Alexandre"]
[Result "1-0"]
[WhiteElo "2214"]
[BlackElo "2286"]
[PlyCount "83"]
[EventDate "2017.08.??"]
[EventType "swiss"]
[EventRounds "9"]
[EventCountry "FRA"]
[WhiteTeam "Mulhouse Philidor"]
[BlackTeam "Esbarres Bonnencontre Echecs"]

1. e4 e6 2. d4 d5 3. Nc3 Bb4 4. e5 Ne7 5. a3 Bxc3+ 6. bxc3 b6 7. Qg4 Ng6 8. Bd3
Qd7 9. a4 Ba6 10. Bxa6 Nxa6 11. Qe2 Nb8 12. h4 Nc6 13. Nf3 f6 14. h5 Nge7 15.
h6 fxe5 16. hxg7 Rg8 17. Rxh7 exd4 18. cxd4 Nf5 19. Bg5 Ncxd4 20. Nxd4 Nxd4 21.
Qe5 Nf5 22. Rh8 Qf7 23. g4 Nd6 24. Rxg8+ Qxg8 25. O-O-O Kd7 26. Rh1 Nf7 27. Qf6
Re8 28. Bd2 e5 29. g5 d4 30. Kb2 d3 31. Qf5+ Kc6 32. Qe4+ Kd7 33. Qxd3+ Kc8 34.
Qh7 Nd8 35. Qf5+ Qe6 36. Qf8 Qd7 37. g8=Q Rxf8 38. Qxf8 Qxd2 39. g6 c5 40. Qf5+
Kb8 41. Qxe5+ Kc8 42. Rh7 1-0

[Event "Agen_2017-Accession"]
[Site "Agen"]
[Date "2017.08.19"]
[Round "2.23"]
[White "Boyer, Mahel"]
[Black "Ollier, Milan"]
[Result "1/2-1/2"]
[WhiteElo "2207"]
[BlackElo "2253"]
[PlyCount "89"]
[EventDate "2017.08.??"]
[EventType "swiss"]
[EventRounds "9"]
[EventCountry "FRA"]
[WhiteTeam "Echiquier Nîmois"]
[BlackTeam "Echiquier Médocain"]

1. d4 Nf6 2. c4 g6 3. Nc3 d5 4. Nf3 Bg7 5. e3 O-O 6. cxd5 Nxd5 7. Bc4 Nxc3 8.
bxc3 c5 9. O-O Nc6 10. Ba3 b6 11. Qe2 Qc7 12. Rac1 Re8 13. Rfd1 Bd7 14. e4 e6
15. Qe3 Na5 16. Bd3 Ba4 17. Re1 Rad8 18. e5 Qd7 19. h4 Qd5 20. h5 Nc4 21. Bxc4
Qxc4 22. hxg6 fxg6 23. dxc5 Rd3 24. Qe4 Qxe4 25. Rxe4 Bc6 26. Rd4 Rd8 27. Rxd8+
Rxd8 28. Nd4 Bd5 29. c4 Bxe5 30. cxd5 Bxd4 31. cxb6 Bxb6 32. dxe6 Re8 33. e7
Kf7 34. Rc3 Bd4 35. Rf3+ Ke6 36. Rf8 Kd7 37. Rf4 Be5 38. Ra4 Ra8 39. f4 Bf6 40.
Kf2 a6 41. Kf3 Bxe7 42. Rd4+ Ke8 43. Re4 Ra7 44. Kg4 h5+ 45. Kf3 1/2-1/2

[Event "Agen_2017-Accession"]
[Site "Agen"]
[Date "2017.08.19"]
[Round "2.24"]
[White "Rodriguez, Adrien"]
[Black "Girardon, Jerome"]
[Result "1-0"]
[WhiteElo "2252"]
[BlackElo "2160"]
[PlyCount "69"]
[EventDate "2017.08.??"]
[EventType "swiss"]
[EventRounds "9"]
[EventCountry "FRA"]
[WhiteTeam "Lutèce Echecs"]
[BlackTeam "Gueugnon Echecs"]

1. d4 Nf6 2. Nf3 g6 3. Bf4 Bg7 4. e3 O-O 5. Be2 d6 6. h3 Nc6 7. c4 Ne4 8. O-O
e5 9. Bh2 f5 10. dxe5 dxe5 11. Qc2 Qe7 12. Nfd2 Nxd2 13. Nxd2 Be6 14. a3 a5 15.
c5 Kh8 16. Rac1 g5 17. Bc4 Bd7 18. Bd5 h5 19. Qc4 a4 20. Qe2 g4 21. hxg4 hxg4
22. f3 g3 23. Bxg3 f4 24. Bf2 Qf6 25. Ne4 Qh6 26. Rfd1 Rf5 27. g4 fxg3 28. Bxg3
Rh5 29. Nf2 e4 30. Kg2 Be5 31. f4 Ne7 32. Bf7 Rh3 33. Rh1 Rxg3+ 34. Kxg3 Nf5+
35. Kg2 1-0

[Event "Agen_2017-Accession"]
[Site "Agen"]
[Date "2017.08.19"]
[Round "2.25"]
[White "Aumont, Alexandre"]
[Black "Camus, Berenger"]
[Result "1-0"]
[WhiteElo "2205"]
[BlackElo "2248"]
[PlyCount "59"]
[EventDate "2017.08.??"]
[EventType "swiss"]
[EventRounds "9"]
[EventCountry "FRA"]
[WhiteTeam "La Cavale du Fou"]
[BlackTeam "Reims Echec et Mat"]

1. e4 b6 2. d4 Bb7 3. Bd3 e6 4. Nf3 c5 5. c3 cxd4 6. cxd4 Nf6 7. Nbd2 d5 8. e5
Nfd7 9. O-O Be7 10. Ne1 Ba6 11. Qg4 g6 12. Ndf3 Bxd3 13. Nxd3 Nc6 14. Bh6 Rc8
15. Rac1 a5 16. Nf4 Nf8 17. Rc3 Na7 18. Rfc1 Rxc3 19. Rxc3 Rg8 20. h4 Nb5 21.
Rc6 Na7 22. Rc1 a4 23. Ng5 Bxg5 24. Bxg5 Qd7 25. Qe2 h6 26. Bxh6 Rh8 27. Bg5
Nb5 28. Qd1 Nh7 29. Qxa4 Nxg5 30. Qa8+ 1-0

[Event "Agen_2017-Accession"]
[Site "Agen"]
[Date "2017.08.19"]
[Round "2.26"]
[White "Favarel, Julien"]
[Black "De Lussac, Rainier"]
[Result "1/2-1/2"]
[WhiteElo "2247"]
[BlackElo "2149"]
[PlyCount "90"]
[EventDate "2017.08.??"]
[EventType "swiss"]
[EventRounds "9"]
[EventCountry "FRA"]
[WhiteTeam "Bordeaux ASPOM Echecs"]
[BlackTeam "Chevau-légers de la Choisille"]

1. e4 c5 2. Nf3 e6 3. d4 cxd4 4. Nxd4 Nc6 5. Nc3 Qc7 6. Be3 a6 7. Be2 Nf6 8.
O-O Bb4 9. Nxc6 bxc6 10. Qd4 Be7 11. e5 Nd5 12. Nxd5 cxd5 13. Rfc1 Bb7 14. c4
Qb8 15. Bf3 dxc4 16. Bxb7 Qxb7 17. Rxc4 O-O 18. Rac1 Rfc8 19. Qb6 Qxb6 20.
Rxc8+ Rxc8 21. Rxc8+ Qd8 22. Rxd8+ Bxd8 23. b4 Bc7 24. a4 Kf8 25. a5 Ke8 26. b5
Kd8 27. bxa6 Kc8 28. a7 Kb7 29. a6+ Ka8 30. f4 d6 31. exd6 Bxd6 32. Kf2 f5 33.
Kf3 h6 34. h4 h5 35. Bd4 Be7 36. g3 Bb4 37. Ke2 g6 38. Kd1 Ba5 39. Ke2 Bb4 40.
Bf2 Bd6 41. Kd3 e5 42. Be3 e4+ 43. Kc4 Bc7 44. Kb5 Bd8 45. Kb4 Be7+ 1/2-1/2

[Event "Agen_2017-Accession"]
[Site "Agen"]
[Date "2017.08.19"]
[Round "2.27"]
[White "Lever, Erwan"]
[Black "Vidal, Llewellyn"]
[Result "1/2-1/2"]
[WhiteElo "2134"]
[BlackElo "2247"]
[PlyCount "80"]
[EventDate "2017.08.??"]
[EventType "swiss"]
[EventRounds "9"]
[EventCountry "FRA"]
[WhiteTeam "C.E.I. Toulouse"]
[BlackTeam "Echecs Club Montpellier"]

1. d4 d5 2. c4 c6 3. Nc3 Nf6 4. Nf3 dxc4 5. a4 Bf5 6. Nh4 Be6 7. e4 g6 8. Be2
Bg7 9. O-O O-O 10. f4 Ne8 11. Be3 f5 12. d5 Bf7 13. exf5 cxd5 14. fxg6 hxg6 15.
Bxc4 Nc7 16. Ba2 e5 17. Nf3 d4 18. Bxf7+ Rxf7 19. fxe5 Nc6 20. Bxd4 Rxf3 21.
Qxf3 Qxd4+ 22. Kh1 Rf8 23. Qh3 Rxf1+ 24. Rxf1 Ne7 25. e6 Nf5 26. Qf3 Nxe6 27.
Qxb7 Qh4 28. Qd5 Ng3+ 29. Kg1 Bd4+ 30. Rf2 Ne2+ 31. Kh1 Qxf2 32. Qxe6+ Kg7 33.
Qd7+ Kg8 34. Qd8+ Kh7 35. Qd7+ Kg8 36. Qe8+ Kg7 37. Qd7+ Kf8 38. Qd8+ Kf7 39.
Qd7+ Kf8 40. Qd8+ Kf7 1/2-1/2

[Event "Agen_2017-Accession"]
[Site "Agen"]
[Date "2017.08.19"]
[Round "2.28"]
[White "Muller, Anthony"]
[Black "Roselle, Tristan"]
[Result "1/2-1/2"]
[WhiteElo "2243"]
[BlackElo "2134"]
[PlyCount "83"]
[EventDate "2017.08.??"]
[EventType "swiss"]
[EventRounds "9"]
[EventCountry "FRA"]
[WhiteTeam "Le Champ du Fou "]
[BlackTeam "AGJA-Echiquier Aquitaine"]

1. d4 d5 2. c4 e6 3. Nc3 Nf6 4. Nf3 c5 5. e3 Nc6 6. Be2 Be7 7. O-O O-O 8. a3
dxc4 9. Bxc4 b6 10. Qe2 cxd4 11. Rd1 Bb7 12. exd4 Na5 13. Ba2 Bd5 14. Nxd5 Nxd5
15. Ne5 Rc8 16. Bd2 Nc6 17. Nxc6 Rxc6 18. Rac1 Rxc1 19. Rxc1 Bg5 20. g3 Bxd2
21. Qxd2 h6 22. Qe2 Qd7 23. Qe5 Rd8 24. Bxd5 Qxd5 25. Rc7 a5 26. Qf4 f6 27. Qg4
Rd7 28. Rc8+ Kh7 29. Re8 Qxd4 30. Qxd4 Rxd4 31. Rxe6 b5 32. Rb6 Rd5 33. Kf1 Rc5
34. b3 Rc1+ 35. Ke2 Ra1 36. Rxb5 Rxa3 37. h4 a4 38. bxa4 Rxa4 39. h5 Rg4 40.
Kf3 Ra4 41. Kg2 Rc4 42. f4 1/2-1/2

[Event "Agen_2017-Accession"]
[Site "Agen"]
[Date "2017.08.19"]
[Round "2.29"]
[White "Pottier, Alexandre"]
[Black "Sanchez, Louis"]
[Result "0-1"]
[WhiteElo "2127"]
[BlackElo "2240"]
[PlyCount "88"]
[EventDate "2017.08.??"]
[EventType "swiss"]
[EventRounds "9"]
[EventCountry "FRA"]
[WhiteTeam "C.E. de Rueil Malmaison"]
[BlackTeam "Clichy-Echecs-92"]

1. Nf3 g6 2. e3 Bg7 3. c4 Nf6 4. Nc3 O-O 5. Be2 d6 6. b3 e5 7. Bb2 e4 8. Nd4 c5
9. Nc2 Nc6 10. Rb1 Ne5 11. d4 exd3 12. Bxd3 Nxd3+ 13. Qxd3 Bf5 14. Qd2 a6 15.
f3 Bh6 16. Kf2 Re8 17. Rbe1 b5 18. Nd5 Nxd5 19. cxd5 b4 20. Qd1 Qh4+ 21. g3 Qh3
22. e4 Bd7 23. Nxb4 cxb4 24. Qd4 Re5 25. f4 Rc8 26. Rc1 Rce8 27. fxe5 Bxc1 28.
Bxc1 dxe5 29. Qd2 Rc8 30. Bb2 f5 31. d6 Rc5 32. a3 a5 33. axb4 axb4 34. Ba1
fxe4 35. Qg5 Qf5+ 36. Qxf5 gxf5 37. Rd1 Kg7 38. Ke3 Kf6 39. Bb2 Rc2 40. Rd2 f4+
41. Ke2 f3+ 42. Ke3 Rxd2 43. Kxd2 f2 44. Ke2 e3 0-1

[Event "Agen_2017-Accession"]
[Site "Agen"]
[Date "2017.08.19"]
[Round "2.30"]
[White "Suez-Panama, Gilles"]
[Black "Coiffait, Pierre-Basile"]
[Result "0-1"]
[WhiteElo "2078"]
[BlackElo "2230"]
[PlyCount "108"]
[EventDate "2017.08.??"]
[EventType "swiss"]
[EventRounds "9"]
[EventCountry "FRA"]
[WhiteTeam "Arsenal"]
[BlackTeam "Cannes Echecs"]

1. Nf3 c5 2. b3 Nf6 3. Bb2 e6 4. e3 Be7 5. Bd3 Nc6 6. O-O O-O 7. a3 a6 8. Ne5
Nxe5 9. Bxe5 d6 10. Bb2 Qc7 11. f4 b5 12. c4 bxc4 13. bxc4 Bb7 14. Nc3 Rab8 15.
Rb1 d5 16. Na4 d4 17. Ba1 Rfd8 18. exd4 cxd4 19. c5 Bc6 20. Rxb8 Rxb8 21. Nb6
Bxc5 22. Nc4 Be4 23. Ne5 Qb7 24. Qc2 Bxd3 25. Nxd3 Bxa3 26. Bxd4 Be7 27. Ne5
Rc8 28. Qb1 Qd5 29. Be3 Bc5 30. Rc1 Bxe3+ 31. dxe3 Rxc1+ 32. Qxc1 Qb7 33. h3 h6
34. Kh2 Nd7 35. Nf3 Nf6 36. Qc5 Ne4 37. Qd4 Qa8 38. Ne5 Nf6 39. Qb6 Nd5 40. Qc5
a5 41. g3 a4 42. Nc4 Nf6 43. Qa3 Qf3 44. Qb2 Qd1 45. Qg2 Qb3 46. Ne5 a3 47.
Qa8+ Kh7 48. Nxf7 a2 49. Qh8+ Kg6 50. Ne5+ Kf5 51. g4+ Ke4 52. Qxg7 a1=Q 53.
Qxf6 Qc2+ 54. Kg3 Qe1# 0-1

[Event "Agen_2017-Accession"]
[Site "Agen"]
[Date "2017.08.19"]
[Round "2.31"]
[White "Gardet, Thomas"]
[Black "Tomasi, Albert"]
[Result "0-1"]
[WhiteElo "2007"]
[BlackElo "2229"]
[PlyCount "72"]
[EventDate "2017.08.??"]
[EventType "swiss"]
[EventRounds "9"]
[EventCountry "FRA"]
[WhiteTeam "Echecs Club de Petit Bourg"]
[BlackTeam "Echecs-Club Ajaccien"]

1. e4 c5 2. Nc3 Nc6 3. f4 e6 4. Nf3 Nge7 5. d4 cxd4 6. Nxd4 Nxd4 7. Qxd4 Nc6 8.
Qf2 d5 9. exd5 exd5 10. Bd3 d4 11. Ne4 Bb4+ 12. Bd2 O-O 13. O-O Bf5 14. Rae1
Qd5 15. Qg3 Bxe4 16. Bxe4 Qc5 17. Bxb4 Nxb4 18. Bxh7+ Kxh7 19. Re5 Qxc2 20.
Rh5+ Kg8 21. f5 Qd3 22. Qh4 f6 23. Re1 Kf7 24. Rh7 Qxf5 25. Qxd4 Rae8 26. Qc4+
Nd5 27. Rf1 Qe4 28. Qb5 Nf4 29. Rxf4 Qxf4 30. Qxb7+ Re7 31. Qd5+ Ke8 32. Qc6+
Kd8 33. Qa8+ Kd7 34. Qxa7+ Qc7 35. Qa4+ Qc6 36. Qa7+ Ke8 0-1

[Event "Agen_2017-Accession"]
[Site "Agen"]
[Date "2017.08.19"]
[Round "3.7"]
[White "Ollier, Pablo"]
[Black "Bilquez, Romain"]
[Result "1/2-1/2"]
[WhiteElo "2395"]
[BlackElo "2219"]
[PlyCount "95"]
[EventDate "2017.08.??"]
[EventType "swiss"]
[EventRounds "9"]
[EventCountry "FRA"]
[WhiteTeam "Echiquier Médocain"]
[BlackTeam "Nogent le Roi"]

1. d4 d5 2. c4 c6 3. Nc3 Nf6 4. e3 e6 5. Nf3 Nbd7 6. Qc2 Bd6 7. Bd3 Qe7 8. O-O
O-O 9. e4 dxc4 10. Bxc4 e5 11. h3 exd4 12. Nxd4 Nb6 13. Be2 Re8 14. Re1 Bc5 15.
Nb3 Bd6 16. Be3 Nxe4 17. Bd3 Nf6 18. Bd2 Qf8 19. Bg5 Nbd7 20. Nd4 h6 21. Bd2
Nc5 22. Bc4 Bd7 23. Rxe8 Rxe8 24. Bxh6 b5 25. b4 Nce4 26. Bb3 Nxc3 27. Qxc3
gxh6 28. Qd3 Nd5 29. Nxb5 cxb5 30. Bxd5 Be6 31. Rd1 Rd8 32. Qf3 Bxd5 33. Rxd5
Be7 34. Rxb5 Qg7 35. Rb7 Qa1+ 36. Kh2 Qe5+ 37. g3 Rd4 38. a3 Qf6 39. Qxf6 Bxf6
40. Rxa7 Rd2 41. Kg2 Rb2 42. Kf3 Rb3+ 43. Ke4 Bb2 44. Kd5 Bxa3 45. Kc4 Rxb4+
46. Kc3 Rb2 47. Rxa3 Rxf2 48. Kd4 1/2-1/2

[Event "Agen_2017-Accession"]
[Site "Agen"]
[Date "2017.08.19"]
[Round "3.8"]
[White "Philippe, Guillaume"]
[Black "Le Hetet, Nicolas"]
[Result "0-1"]
[WhiteElo "2364"]
[BlackElo "2317"]
[PlyCount "64"]
[EventDate "2017.08.??"]
[EventType "swiss"]
[EventRounds "9"]
[EventCountry "FRA"]
[WhiteTeam "L'Echiquier Chalonnais"]
[BlackTeam "Echiquier Agenais"]

1. Nf3 d5 2. e3 Nf6 3. c4 e6 4. b3 Be7 5. Bb2 O-O 6. Nc3 b6 7. Qc2 Bb7 8. cxd5
exd5 9. Be2 c5 10. d4 Nc6 11. Rd1 cxd4 12. Nxd4 Nxd4 13. Rxd4 Rc8 14. Qd1 Bc5
15. Ra4 Qe7 16. O-O a5 17. Rh4 Bxe3 18. fxe3 Rxc3 19. Kh1 Rc6 20. Qd4 Qc5 21.
Qd3 Ne4 22. Bf3 f5 23. Rf4 Rcc8 24. g4 Ra8 25. gxf5 Ba6 26. Qd1 Bxf1 27. Qxf1
Qxe3 28. Bxe4 dxe4 29. f6 Rf7 30. Rf5 Rd8 31. Be5 Qd3 32. Qg2 Qb1+ 0-1

[Event "Agen_2017-Accession"]
[Site "Agen"]
[Date "2017.08.19"]
[Round "3.9"]
[White "Gatineau, Yovann"]
[Black "Travadon, Loic"]
[Result "0-1"]
[WhiteElo "2281"]
[BlackElo "2341"]
[PlyCount "72"]
[EventDate "2017.08.??"]
[EventType "swiss"]
[EventRounds "9"]
[EventCountry "FRA"]
[WhiteTeam "Mulhouse Philidor"]
[BlackTeam "C.E. de  Bois-Colombes"]

1. d4 Nf6 2. c4 e6 3. Nf3 c5 4. d5 exd5 5. cxd5 d6 6. Nc3 g6 7. Bf4 Bg7 8. Qa4+
Bd7 9. Qb3 Qc7 10. e4 O-O 11. Nd2 Nh5 12. Be3 f5 13. exf5 Bxf5 14. Be2 Nf6 15.
O-O a6 16. a4 Nbd7 17. Nc4 Ng4 18. Bxg4 Bxg4 19. Rae1 Ne5 20. Ne4 Nxc4 21. Qxc4
Bf5 22. Ng5 b5 23. Qh4 Bxb2 24. g4 Bc8 25. Ne6 Bxe6 26. dxe6 Rae8 27. Bg5 Bc3
28. Re2 Rf3 29. e7 Bd4 30. Qh6 Qd7 31. h3 bxa4 32. Rfe1 a3 33. Re6 a2 34. Rxg6+
hxg6 35. Qxg6+ Bg7 36. Qe4 Rf7 0-1

[Event "Agen_2017-Accession"]
[Site "Agen"]
[Date "2017.08.19"]
[Round "3.10"]
[White "Sanchez, Louis"]
[Black "Housieaux, David"]
[Result "1/2-1/2"]
[WhiteElo "2240"]
[BlackElo "2409"]
[PlyCount "43"]
[EventDate "2017.08.??"]
[EventType "swiss"]
[EventRounds "9"]
[EventCountry "FRA"]
[WhiteTeam "Clichy-Echecs-92"]
[BlackTeam "A.J.E. Noyon"]

1. Nf3 Nf6 2. g3 g6 3. Bg2 Bg7 4. O-O O-O 5. d4 d6 6. a4 a5 7. Nc3 Na6 8. e4 c6
9. h3 Qc7 10. Be3 e5 11. Qd2 Re8 12. Rfe1 Nb4 13. Rad1 b6 14. Qc1 Ba6 15. dxe5
dxe5 16. Bf1 Bxf1 17. Rxf1 Rad8 18. Nd2 Rd4 19. Nf3 Rc4 20. Nd2 Rd4 21. Nf3 Rc4
22. Nd2 1/2-1/2

[Event "Agen_2017-Accession"]
[Site "Agen"]
[Date "2017.08.19"]
[Round "3.11"]
[White "Coiffait, Pierre-Basile"]
[Black "Favarel, Antoine"]
[Result "1/2-1/2"]
[WhiteElo "2230"]
[BlackElo "2388"]
[PlyCount "80"]
[EventDate "2017.08.??"]
[EventType "swiss"]
[EventRounds "9"]
[EventCountry "FRA"]
[WhiteTeam "Cannes Echecs"]
[BlackTeam "L'Echiquier Chalonnais"]

1. e4 c5 2. Nf3 Nc6 3. Bb5 g6 4. Bxc6 dxc6 5. h3 Bg7 6. d3 Nf6 7. Nc3 b6 8. Be3
O-O 9. O-O e5 10. Qd2 Qd6 11. Bh6 Nh5 12. Bxg7 Nxg7 13. Rae1 Ne6 14. Ne2 f6 15.
b3 a5 16. a4 Kg7 17. Nh2 Ra7 18. Ng4 Ng5 19. f3 Bxg4 20. hxg4 Rh8 21. Kf2 h5
22. gxh5 Rxh5 23. Rh1 Rxh1 24. Rxh1 Ra8 25. g3 Rh8 26. Rxh8 Kxh8 27. Qc1 Kg7
28. f4 Ne6 29. Qe3 Qb8 30. Qc1 Qh8 31. Qf1 Qh6 32. Ke1 Qh2 33. Qf2 Qh1+ 34. Qf1
Qh2 35. Qf2 Qh6 36. Qf1 Qh5 37. Kd2 Qh2 38. Ke1 Qh6 39. Kd2 Qh2 40. Ke1 Qh6
1/2-1/2

[Event "Agen_2017-Accession"]
[Site "Agen"]
[Date "2017.08.19"]
[Round "3.12"]
[White "Le Ruyet, Leopold"]
[Black "Dudognon, Thibault"]
[Result "0-1"]
[WhiteElo "2317"]
[BlackElo "2230"]
[PlyCount "84"]
[EventDate "2017.08.??"]
[EventType "swiss"]
[EventRounds "9"]
[EventCountry "FRA"]
[WhiteTeam "Echiquier de l'Erdre"]
[BlackTeam "CE Vitrolles"]

1. e4 c6 2. Nc3 d5 3. Nf3 Bg4 4. h3 Bxf3 5. Qxf3 e6 6. d4 dxe4 7. Qxe4 Nf6 8.
Qh4 Be7 9. Bd2 Nbd7 10. Bd3 Qc7 11. Qf4 Bd6 12. Qg5 h6 13. Qe3 O-O-O 14. O-O-O
Nd5 15. Nxd5 cxd5 16. Qf3 Nb8 17. Qg4 g6 18. Kb1 Nc6 19. c3 Kb8 20. h4 h5 21.
Qf3 Ka8 22. Bg5 Rb8 23. Bf6 Rhc8 24. g4 hxg4 25. Qxg4 Na5 26. h5 gxh5 27. Rxh5
b5 28. Rc1 b4 29. c4 Bf4 30. Be5 Bxe5 31. Rxe5 Nc6 32. Ree1 Rg8 33. Qf3 b3 34.
a3 Nxd4 35. Qf6 Nc2 36. Re2 Rbc8 37. Bxc2 Qxc4 38. Rd2 bxc2+ 39. Rdxc2 Qe4 40.
b3 Rxc2 41. Rxc2 Rc8 42. Qb2 Kb7 0-1

[Event "Agen_2017-Accession"]
[Site "Agen"]
[Date "2017.08.19"]
[Round "3.13"]
[White "Lamoureux, Charles"]
[Black "Trouve, Guillaume"]
[Result "1/2-1/2"]
[WhiteElo "2306"]
[BlackElo "2214"]
[PlyCount "73"]
[EventDate "2017.08.??"]
[EventType "swiss"]
[EventRounds "9"]
[EventCountry "FRA"]
[WhiteTeam "Club d'Echecs d'Annemasse"]
[BlackTeam "Mulhouse Philidor"]

1. b3 c5 2. Bb2 Nc6 3. Nf3 d6 4. e4 e5 5. Bb5 f5 6. d3 Be7 7. Nbd2 g5 8. exf5
g4 9. Nxe5 dxe5 10. Bxc6+ bxc6 11. Qxg4 Qd7 12. Ne4 Nf6 13. Qg7 Rf8 14. g4 Rf7
15. Nxf6+ Bxf6 16. Qh6 Qd5 17. O-O-O Qf3 18. Rhe1 Qxg4 19. Bxe5 Bxe5 20. Rxe5+
Kd8 21. Qd6+ Bd7 22. Rde1 Kc8 23. Rxc5 Kb7 24. Re4 Qg5+ 25. Kb1 a5 26. a4 Ra6
27. Ree5 Qg1+ 28. Ka2 Qxf2 29. Re7 Rxe7 30. Qxe7 Kb6 31. f6 Qxc5 32. Qd8+ Ka7
33. Qxd7+ Kb6 34. Qd8+ Kb7 35. Qd7+ Kb6 36. Qd8+ Kb7 37. Qd7+ 1/2-1/2

[Event "Agen_2017-Accession"]
[Site "Agen"]
[Date "2017.08.19"]
[Round "3.14"]
[White "Tomasi, Albert"]
[Black "Calistri, Tristan"]
[Result "0-1"]
[WhiteElo "2229"]
[BlackElo "2293"]
[PlyCount "78"]
[EventDate "2017.08.??"]
[EventType "swiss"]
[EventRounds "9"]
[EventCountry "FRA"]
[WhiteTeam "Echecs-Club Ajaccien"]
[BlackTeam "La tour de Juvisy"]

1. e4 c5 2. Nf3 e6 3. d4 cxd4 4. Nxd4 a6 5. c4 Nf6 6. Nc3 Qc7 7. a3 b6 8. Be3
Bb7 9. f3 d6 10. Be2 Be7 11. O-O O-O 12. Rc1 Nbd7 13. b4 Rfc8 14. Qe1 Qd8 15.
Qf2 Rab8 16. Na4 Ba8 17. g4 h6 18. Qg3 Ne5 19. h4 Nh7 20. Bf2 Ng6 21. h5 Ngf8
22. Nc3 Nd7 23. f4 e5 24. Nf5 exf4 25. Qxf4 Ng5 26. Nxe7+ Qxe7 27. Kh2 Nf6 28.
Rce1 Nfxe4 29. Bd3 Qf6 30. Qxf6 Nxf6 31. Kg3 d5 32. c5 bxc5 33. Bxa6 cxb4 34.
Bxc8 Rxc8 35. Nb5 Nfe4+ 36. Kg2 d4 37. Nxd4 Rc3 38. Re3 Nd2+ 39. Kg1 Nh3+ 0-1

[Event "Agen_2017-Accession"]
[Site "Agen"]
[Date "2017.08.19"]
[Round "3.16"]
[White "Guignier, Nicolas"]
[Black "Micottis, Dorian"]
[Result "1/2-1/2"]
[WhiteElo "2212"]
[BlackElo "2271"]
[PlyCount "123"]
[EventDate "2017.08.??"]
[EventType "swiss"]
[EventRounds "9"]
[EventCountry "FRA"]
[WhiteTeam "Avinkha Club d'Echecs"]
[BlackTeam "Club d'Echecs Metz Fischer"]

1. e4 c5 2. Nf3 e6 3. d4 cxd4 4. Nxd4 a6 5. Bd3 Nf6 6. O-O d6 7. c4 g6 8. Nc3
Bg7 9. Be3 O-O 10. f4 Nbd7 11. h3 Re8 12. Nde2 Qc7 13. Rc1 b6 14. b4 Bb7 15.
Qe1 Rac8 16. Qf2 Qb8 17. g4 Qa8 18. Ng3 d5 19. e5 Ne4 20. Ngxe4 dxe4 21. Be2
Bf8 22. Rfd1 Red8 23. a3 a5 24. Na4 b5 25. Rxd7 axb4 26. Rxd8 Rxd8 27. c5 bxa4
28. axb4 a3 29. Qe1 a2 30. Qc3 Qa4 31. b5 Bd5 32. Kf2 Re8 33. Qa1 Qa3 34. c6
Qa4 35. Bd4 Ba3 36. Rf1 Qc2 37. Qd1 e3+ 38. Kg3 Qd2 39. Qxd2 exd2 40. Ra1 Bb4
41. Bf3 Ba5 42. Bxd5 exd5 43. Kf3 Rb8 44. Ke2 Rxb5 45. Rxa2 Rb1 46. Rxd2 Bxd2
47. Kxd2 Rb4 48. Kd3 Rc4 49. Be3 Kf8 50. f5 Ke8 51. Bg5 Rxc6 52. Kd4 Rc4+ 53.
Kxd5 Rc3 54. h4 Rg3 55. e6 Rxg4 56. Ke5 fxe6 57. fxg6 hxg6 58. Kxe6 Ra4 59. Kf6
Ra6+ 60. Kg7 Ra4 61. Kxg6 Rxh4 62. Bxh4 1/2-1/2